Taïwan pour les touristes... - Statistiques

Statistiques générales
  • Ce quiz a été pris 21 fois
  • Le résultat moyen est 8 sur 20
Statistiques - réponses
Question Indice Réponses % Correct
Quelle sont les langues officielles ? M Min
89%
Quelle sont les langues officielles ? T Taïwanais
74%
Quel est le climat local ? T Tropical
63%
Dans la capitale quel est le décalage horaire avec Paris ? (+ ou - et chiffre) ex - 10 ou + 3,5 + 6
58%
La religion majoritaire est Bouddhisme
58%
Le suffixe internet est tw
58%
Combien d'heures (environ) mettrez-vous pour vous y rendre ? (en chiffres) 16
53%
Le principal aéroport est T Taipei
53%
Comment se nomme la principale compagnie aérienne locale C A China Airlines
47%
Quelles sont les principaux lieux touristiques ? K Ville de {Kaohsiung}
47%
Quelle sont les langues officielles ? H Hakka
42%
Quelles sont les principaux lieux touristiques ? W Ville de {Wulai}
37%
Quelle sont les langues officielles ? F Dialecte de {Fuzhou}
21%
Quelle est la monnaie ? Dollar de Taïwan
21%
Achats à faire 2/ Instrument de musique Guzheng
21%
Quelle sont les langues officielles ? Mandarin de Taïwan
21%
Achats à faire 1/ Sorte de parapluie Ombrelles
21%
Code sur les plaques minéralogiques RC
16%
Quel est le régime du pays ? R S République semi-présidentielle
16%
Quelle sont les langues officielles ? F Langues {formosanes}
11%
Aucun quiz correspondant
Distribution des résultats
% des personnes avec chaque résultat
Percentile par nombre de réponses
Votre historique - résultats
Vous n’avez pas pris ce quiz